000 00331nam a22001457a 4500
008 221024b ||||| |||| 00| 0 eng d
020 _a9780130467119
041 _aeng
080 _a004
082 _a004
100 _a19
101 _aSHK
245 _aDIGITAL LOGIC SIMULATION CPLD PROGRAMMING
_cWATERMAN S
942 _2udc
_cBK
999 _c58662
_d58662